[Event "DVM U10 2023"]
[Site "Magdeburg GER"]
[Date "2023.12.28"]
[Round "3"]
[White "Greither, Flora"]
[Black "Winklmann, Alexander"]
[Result "0-1"]
[Termination "normal"]
[Board "6.3"]
[WhiteElo "1179"]
[BlackElo "917"]
[WhiteClock "00:16:46"]
[BlackClock "00:02:57"]
[WhiteTeam "SV Roter Turm Halle"]
[BlackTeam "Hamburger SK 1830"]
[PlyCount "164"]
[WhiteFideId "533000697"]
[EventCountry "GER"]
[EventRounds "7"]
[EventType "team-swiss"]
[EventDate "2023.12.27"]

1. d4 {[%clk 00:55:09]} Nf6 {[%clk 00:55:02]} {[%emt 00:00:08]} 2. Nc3 {[%clk
00:55:04]} {[%emt 00:00:10]} d5 {[%clk 00:54:42]} {[%emt 00:00:26]} 3. Bg5
{[%clk 00:54:51]} {[%emt 00:00:17]} e6 {[%clk 00:54:00]} {[%emt 00:00:47]} 4.
Nf3 {[%clk 00:54:32]} {[%emt 00:00:25]} Bb4 {[%clk 00:53:31]} {[%emt 00:00:34]}
5. e3 {[%clk 00:54:13]} {[%emt 00:00:23]} Bd7 {[%clk 00:52:33]} {[%emt
00:00:59]} 6. Be2 {[%clk 00:53:51]} Nc6 {[%clk 00:52:19]} {[%emt 00:00:50]} 7.
O-O {[%clk 00:53:40]} O-O {[%clk 00:51:52]} {[%emt 00:00:45]} 8. Ne5 {[%clk
00:53:34]} Be7 {[%clk 00:51:06]} {[%emt 00:01:03]} 9. Nxd7 {[%clk 00:52:52]}
Qxd7 {[%clk 00:50:57]} {[%emt 00:01:03]} 10. Bb5 {[%clk 00:52:44]} a6 {[%clk
00:50:22]} {[%emt 00:00:54]} 11. Ba4 {[%clk 00:52:34]} b5 {[%clk 00:49:49]}
{[%emt 00:00:52]} 12. Bb3 {[%clk 00:52:25]} b4 {[%clk 00:48:51]} {[%emt
00:01:18]} 13. Ne2 {[%clk 00:52:04]} a5 {[%clk 00:47:54]} {[%emt 00:01:27]} 14.
c3 {[%clk 00:51:44]} h6 {[%clk 00:41:58]} {[%emt 00:06:25]} 15. Bh4 {[%emt
00:01:19]} Qd6 {[%clk 00:40:58]} 16. Bg3 {[%clk 00:51:22]} {[%emt 00:00:19]}
Qd7 {[%clk 00:40:40]} {[%emt 00:00:22]} 17. Bc2 {[%clk 00:50:47]} {[%emt
00:00:41]} bxc3 {[%clk 00:38:44]} {[%emt 00:02:02]} 18. bxc3 {[%clk 00:50:36]}
{[%emt 00:00:16]} Ne4 {[%clk 00:36:50]} {[%emt 00:01:57]} 19. Qd3 {[%clk
00:50:13]} {[%emt 00:00:26]} Qc8 {[%clk 00:35:37]} {[%emt 00:01:18]} 20. f3
{[%clk 00:49:40]} {[%emt 00:00:42]} Nf6 {[%clk 00:35:16]} {[%emt 00:00:23]} 21.
Bh4 {[%clk 00:49:26]} {[%emt 00:00:20]} Qa6 {[%clk 00:34:51]} {[%emt 00:00:30]}
22. Qd2 {[%clk 00:48:39]} {[%emt 00:00:52]} Rab8 {[%clk 00:33:28]} {[%emt
00:01:28]} 23. Bxf6 {[%clk 00:47:40]} {[%emt 00:01:05]} Bxf6 {[%clk 00:33:21]}
{[%emt 00:00:12]} 24. Bb1 {[%clk 00:47:37]} {[%emt 00:00:08]} Qb5 {[%clk
00:30:48]} {[%emt 00:02:37]} 25. Qc2 {[%clk 00:47:21]} {[%emt 00:00:21]} Rfd8
{[%clk 00:29:29]} {[%emt 00:01:22]} 26. Nf4 {[%clk 00:45:20]} {[%emt 00:02:10]}
Qb2 {[%clk 00:27:35]} {[%emt 00:01:59]} 27. Qxb2 {[%clk 00:44:39]} {[%emt
00:00:45]} Rxb2 {[%clk 00:27:31]} {[%emt 00:00:09]} 28. Bd3 {[%clk 00:44:11]}
{[%emt 00:00:32]} Rd2 {[%clk 00:26:37]} {[%emt 00:00:59]} 29. Rfd1 {[%clk
00:44:01]} {[%emt 00:00:15]} Rxd1+ {[%clk 00:26:10]} {[%emt 00:00:33]} 30. Rxd1
{[%clk 00:44:00]} {[%emt 00:00:05]} e5 {[%clk 00:25:23]} {[%emt 00:00:52]} 31.
dxe5 {[%clk 00:43:43]} {[%emt 00:00:23]} Bxe5 {[%clk 00:25:09]} {[%emt
00:00:19]} 32. Bb5 {[%clk 00:42:58]} {[%emt 00:00:49]} Ne7 {[%clk 00:24:12]}
{[%emt 00:01:01]} 33. c4 {[%clk 00:42:36]} {[%emt 00:00:29]} c6 {[%clk
00:23:37]} {[%emt 00:00:39]} 34. Ba4 {[%clk 00:42:17]} {[%emt 00:00:24]} d4
{[%clk 00:23:17]} {[%emt 00:00:25]} 35. Nh3 {[%clk 00:41:00]} {[%emt 00:01:18]}
Rd6 {[%clk 00:22:20]} {[%emt 00:01:05]} 36. c5 {[%clk 00:39:41]} {[%emt
00:01:25]} Rd5 {[%clk 00:21:55]} {[%emt 00:00:29]} 37. Bb3 {[%clk 00:38:50]}
{[%emt 00:00:56]} Rd8 {[%clk 00:21:15]} {[%emt 00:00:46]} 38. f4 {[%clk
00:38:06]} {[%emt 00:00:50]} Bc7 {[%emt 00:01:34]} 39. exd4 {[%emt 00:00:15]}
Kf8 {[%clk 00:18:26]} {[%emt 00:01:03]} 40. Kf2 {[%clk 00:37:32]} {[%emt
00:00:41]} Nd5 {[%clk 00:17:21]} {[%emt 00:01:09]} 41. a3 {[%clk 00:36:29]}
{[%emt 00:01:10]} Bxf4 {[%clk 00:16:02]} {[%emt 00:01:22]} 42. Nxf4 {[%clk
00:36:09]} {[%emt 00:00:26]} Nxf4 {[%clk 00:15:48]} {[%emt 00:00:18]} 43. g3
{[%clk 00:35:50]} {[%emt 00:00:26]} Ne6 {[%clk 00:15:43]} {[%emt 00:00:09]} 44.
d5 {[%clk 00:35:18]} {[%emt 00:00:37]} cxd5 {[%clk 00:15:21]} {[%emt 00:00:26]}
45. c6 {[%clk 00:34:23]} {[%emt 00:01:02]} Nc7 {[%clk 00:14:27]} {[%emt
00:00:57]} 46. Ke3 {[%clk 00:33:34]} {[%emt 00:00:55]} Ke7 {[%clk 00:14:11]}
{[%emt 00:00:20]} 47. Kd4 {[%clk 00:33:05]} {[%emt 00:00:35]} Kd6 {[%clk
00:13:27]} {[%emt 00:00:47]} 48. Ba4 {[%clk 00:32:54]} {[%emt 00:00:18]} Ne6+
{[%clk 00:12:58]} {[%emt 00:00:32]} 49. Ke3 {[%clk 00:32:39]} {[%emt 00:00:22]}
Nc5 {[%clk 00:12:20]} {[%emt 00:00:38]} 50. Bb5 {[%clk 00:32:16]} {[%emt
00:00:33]} Rb8 {[%clk 00:11:56]} {[%emt 00:00:26]} 51. Bc4 {[%clk 00:31:53]}
{[%emt 00:00:30]} Re8+ {[%clk 00:10:52]} {[%emt 00:01:08]} 52. Kf3 {[%clk
00:31:23]} {[%emt 00:00:34]} Kxc6 {[%clk 00:09:57]} {[%emt 00:00:59]} 53. Bxd5+
{[%clk 00:31:13]} {[%emt 00:00:19]} Kc7 {[%clk 00:09:41]} {[%emt 00:00:19]} 54.
Rc1 {[%clk 00:31:00]} {[%emt 00:00:21]} Kb6 {[%clk 00:08:09]} {[%emt 00:01:35]}
55. Rb1+ {[%clk 00:30:53]} {[%emt 00:00:13]} Kc7 {[%clk 00:07:49]} {[%emt
00:00:22]} 56. Rc1 {[%clk 00:30:41]} {[%emt 00:00:20]} Kd6 {[%clk 00:06:32]}
{[%emt 00:01:21]} 57. Rd1 {[%clk 00:30:37]} {[%emt 00:00:10]} Re5 {[%clk
00:05:49]} {[%emt 00:00:46]} 58. Be4+ {[%clk 00:30:07]} {[%emt 00:00:37]} Ke6
{[%clk 00:05:18]} {[%emt 00:00:34]} 59. Bb1 {[%clk 00:29:37]} {[%emt 00:01:21]}
g5 {[%clk 00:04:52]} {[%emt 00:00:49]} 60. Ba2+ {[%clk 00:29:28]} {[%emt
00:00:12]} Ke7 {[%clk 00:04:26]} {[%emt 00:00:32]} 61. Rd4 {[%clk 00:28:29]}
{[%emt 00:01:04]} Ne6 {[%clk 00:04:03]} {[%emt 00:00:28]} 62. Rg4 {[%clk
00:27:11]} {[%emt 00:01:19]} f5 {[%clk 00:03:59]} {[%emt 00:00:14]} 63. Ra4
{[%clk 00:26:53]} {[%emt 00:00:23]} g4+ {[%clk 00:03:53]} {[%emt 00:00:12]} 64.
Kf2 {[%emt 00:00:20]} Ng5 {[%clk 00:03:52]} {[%emt 00:00:03]} 65. h4 {[%clk
00:26:06]} {[%emt 00:00:39]} Nh3+ {[%clk 00:03:53]} {[%emt 00:00:05]} 66. Kf1
{[%clk 00:25:45]} {[%emt 00:00:25]} Re3 {[%clk 00:03:52]} {[%emt 00:00:05]} 67.
Rxa5 {[%clk 00:25:12]} {[%emt 00:00:40]} Rf3+ {[%clk 00:03:45]} {[%emt
00:00:13]} 68. Ke1 {[%clk 00:24:28]} {[%emt 00:00:48]} f4 {[%clk 00:03:47]}
{[%emt 00:00:03]} 69. Re5+ {[%clk 00:24:04]} {[%emt 00:00:28]} Kf6 {[%clk
00:03:43]} {[%emt 00:00:09]} 70. gxf4 {[%clk 00:23:07]} {[%emt 00:01:03]} Nxf4
{[%clk 00:03:44]} {[%emt 00:00:04]} 71. Re4 {[%clk 00:22:11]} {[%emt 00:01:00]}
g3 {[%clk 00:03:41]} {[%emt 00:00:08]} 72. Kd2 {[%clk 00:20:27]} {[%emt
00:01:48]} g2 {[%clk 00:03:36]} {[%emt 00:00:11]} 73. Re1 {[%clk 00:20:21]}
{[%emt 00:00:11]} Rf1 {[%clk 00:03:37]} {[%emt 00:00:05]} 74. Rxf1 {[%clk
00:19:56]} {[%emt 00:00:30]} gxf1=Q {[%emt 00:00:06]} 75. Kc3 {[%clk 00:19:09]}
{[%emt 00:00:38]} Qd3+ {[%clk 00:03:32]} {[%emt 00:00:22]} 76. Kb4 {[%clk
00:18:57]} {[%emt 00:00:16]} Ke5 {[%clk 00:03:19]} {[%emt 00:00:18]} 77. Kc5
{[%clk 00:18:05]} {[%emt 00:00:55]} Qd4+ {[%clk 00:03:14]} {[%emt 00:00:13]}
78. Kc6 {[%clk 00:17:44]} {[%emt 00:00:26]} Qd6+ {[%clk 00:03:10]} {[%emt
00:00:08]} 79. Kb5 {[%clk 00:17:31]} {[%emt 00:00:18]} Kd4 {[%clk 00:03:05]}
{[%emt 00:00:10]} 80. Ka4 {[%clk 00:17:14]} {[%emt 00:00:21]} Qb6 {[%clk
00:03:03]} {[%emt 00:00:08]} 81. Bc4 {[%clk 00:16:48]} {[%emt 00:00:31]} Kxc4
{[%clk 00:02:54]} {[%emt 00:00:14]} 82. h5 {[%clk 00:16:46]} {[%emt 00:00:09]}
Qb5# {[%clk 00:02:57]} {[%emt 00:00:02]} 0-1

[Event "DVM U10 2023"]
[Site "Magdeburg GER"]
[Date "2023.12.28"]
[Round "3"]
[White "Wengler, Linus"]
[Black "Jamalli, Malak"]
[Result "0-1"]
[Termination "normal"]
[Board "6.4"]
[WhiteElo "777"]
[BlackElo "1115"]
[WhiteClock "00:18:37"]
[BlackClock "00:20:07"]
[WhiteTeam "Hamburger SK 1830"]
[BlackTeam "SV Roter Turm Halle"]
[PlyCount "150"]
[BlackFideId "533000689"]
[EventCountry "GER"]
[EventRounds "7"]
[EventType "team-swiss"]
[EventDate "2023.12.27"]

1. e4 {[%emt 00:00:01]} g6 {[%emt 00:00:04]} 2. Nc3 {[%clk 00:54:54]} {[%emt
00:00:09]} Bg7 {[%clk 00:55:05]} {[%emt 00:00:06]} 3. Bc4 {[%clk 00:54:38]}
{[%emt 00:00:21]} e6 {[%clk 00:54:53]} {[%emt 00:00:18]} 4. h3 {[%clk
00:54:21]} {[%emt 00:00:22]} Ne7 {[%clk 00:54:46]} {[%emt 00:00:12]} 5. d3
{[%clk 00:54:05]} {[%emt 00:00:18]} O-O {[%clk 00:54:32]} {[%emt 00:00:21]} 6.
Bd2 {[%clk 00:53:53]} {[%emt 00:00:17]} Nbc6 {[%clk 00:54:20]} {[%emt
00:00:17]} 7. Qf3 {[%clk 00:53:26]} {[%emt 00:00:31]} Na5 {[%clk 00:53:37]}
{[%emt 00:00:49]} 8. Nce2 {[%clk 00:52:36]} {[%emt 00:00:55]} Nxc4 {[%clk
00:52:47]} {[%emt 00:00:56]} 9. dxc4 {[%clk 00:52:26]} {[%emt 00:00:12]} Bxb2
{[%clk 00:52:14]} {[%emt 00:00:40]} 10. Rb1 {[%clk 00:52:05]} {[%emt 00:00:25]}
Bg7 {[%clk 00:52:14]} {[%emt 00:00:06]} 11. Nc3 {[%clk 00:51:38]} {[%emt
00:00:32]} Nc6 {[%clk 00:52:01]} {[%emt 00:00:18]} 12. Nge2 {[%clk 00:50:48]}
{[%emt 00:00:56]} Ne5 {[%clk 00:51:00]} {[%emt 00:01:06]} 13. Qf4 {[%clk
00:50:07]} {[%emt 00:00:43]} Nxc4 {[%clk 00:50:22]} {[%emt 00:00:45]} 14. O-O
{[%clk 00:49:24]} {[%emt 00:00:48]} d6 {[%clk 00:49:16]} {[%emt 00:01:12]} 15.
Rfe1 {[%clk 00:48:55]} {[%emt 00:00:30]} e5 {[%clk 00:48:52]} {[%emt 00:00:32]}
16. Qg5 {[%clk 00:48:11]} {[%emt 00:00:39]} Qxg5 {[%clk 00:48:08]} {[%emt
00:00:58]} 17. Bxg5 {[%clk 00:48:03]} {[%emt 00:00:12]} Na3 {[%clk 00:47:49]}
{[%emt 00:00:26]} 18. Rb2 {[%clk 00:47:41]} {[%emt 00:00:26]} h6 {[%clk
00:46:11]} {[%emt 00:01:44]} 19. Be7 {[%clk 00:47:07]} {[%emt 00:00:38]} Re8
{[%clk 00:45:36]} {[%emt 00:00:41]} 20. Bh4 {[%clk 00:46:49]} {[%emt 00:00:19]}
Nc4 {[%clk 00:44:43]} {[%emt 00:01:02]} 21. Rbb1 {[%clk 00:46:29]} {[%emt
00:00:24]} Be6 {[%clk 00:42:43]} {[%emt 00:02:06]} 22. Rxb7 {[%clk 00:46:03]}
{[%emt 00:00:31]} Rec8 {[%clk 00:42:09]} {[%emt 00:00:38]} 23. Nb5 {[%clk
00:45:18]} {[%emt 00:00:49]} c6 {[%clk 00:41:01]} {[%emt 00:01:15]} 24. Nxd6
{[%clk 00:45:05]} {[%emt 00:00:17]} Nxd6 {[%clk 00:40:36]} {[%emt 00:00:31]}
25. Rb4 {[%clk 00:44:25]} {[%emt 00:00:39]} Bxa2 {[%clk 00:40:24]} {[%emt
00:00:23]} 26. Nc3 {[%clk 00:43:28]} {[%emt 00:01:02]} Be6 {[%clk 00:39:45]}
{[%emt 00:00:44]} 27. Rd1 {[%clk 00:42:52]} {[%emt 00:00:41]} c5 {[%clk
00:39:17]} {[%emt 00:00:33]} 28. Rbb1 {[%clk 00:42:24]} {[%emt 00:00:30]} Nc4
{[%clk 00:38:40]} {[%emt 00:00:46]} 29. Kf1 {[%clk 00:40:12]} {[%emt 00:02:11]}
f5 {[%clk 00:38:27]} {[%emt 00:00:22]} 30. Kg1 {[%clk 00:38:48]} {[%emt
00:01:30]} fxe4 {[%clk 00:38:17]} {[%emt 00:00:15]} 31. Nxe4 {[%clk 00:38:27]}
{[%emt 00:00:26]} Bf8 {[%clk 00:37:04]} {[%emt 00:01:19]} 32. Nf6+ {[%clk
00:37:31]} {[%emt 00:00:59]} Kg7 {[%clk 00:36:24]} {[%emt 00:00:46]} 33. Nd7
{[%clk 00:36:09]} {[%emt 00:01:24]} Bf5 {[%clk 00:35:40]} {[%emt 00:00:52]} 34.
Nxe5 {[%clk 00:35:21]} {[%emt 00:00:52]} Nxe5 {[%emt 00:00:36]} 35. Rb2 {[%clk
00:34:43]} {[%emt 00:00:37]} Nc4 {[%clk 00:34:45]} {[%emt 00:00:36]} 36. Ra2
{[%clk 00:34:30]} {[%emt 00:00:16]} Bd6 {[%clk 00:33:55]} {[%emt 00:00:57]} 37.
Bg3 {[%clk 00:32:02]} {[%emt 00:02:32]} Rd8 {[%emt 00:01:02]} 38. Bxd6 {[%clk
00:31:39]} {[%emt 00:00:09]} Nxd6 {[%clk 00:33:16]} {[%emt 00:00:06]} 39. Rd2
{[%clk 00:31:05]} {[%emt 00:00:40]} Nc4 {[%clk 00:32:24]} {[%emt 00:00:58]} 40.
Rxd8 {[%clk 00:30:58]} {[%emt 00:00:11]} Rxd8 {[%emt 00:00:18]} 41. Rxa7+
{[%clk 00:30:53]} {[%emt 00:00:01]} Kf8 {[%clk 00:31:50]} {[%emt 00:00:35]} 42.
Rc7 {[%clk 00:29:56]} {[%emt 00:01:01]} Rd5 {[%clk 00:31:24]} {[%emt 00:00:32]}
43. Ra7 {[%clk 00:29:26]} {[%emt 00:00:35]} Bxc2 {[%clk 00:31:15]} {[%emt
00:00:14]} 44. Ra8+ {[%clk 00:29:15]} {[%emt 00:00:13]} Kf7 {[%clk 00:31:10]}
{[%emt 00:00:13]} 45. Ra7+ {[%clk 00:29:02]} {[%emt 00:00:17]} Ke6 {[%clk
00:31:03]} {[%emt 00:00:13]} 46. Ra6+ {[%clk 00:28:46]} {[%emt 00:00:21]} Ke5
{[%clk 00:31:01]} {[%emt 00:00:07]} 47. Ra7 {[%clk 00:28:07]} {[%emt 00:00:43]}
Kd4 {[%clk 00:30:13]} {[%emt 00:00:54]} 48. Rh7 {[%clk 00:27:05]} {[%emt
00:01:04]} h5 {[%clk 00:30:16]} {[%emt 00:00:06]} 49. g4 {[%clk 00:26:39]}
{[%emt 00:00:28]} hxg4 {[%clk 00:29:40]} {[%emt 00:00:43]} 50. hxg4 {[%clk
00:26:29]} {[%emt 00:00:13]} Ne5 {[%clk 00:29:33]} {[%emt 00:00:14]} 51. g5
{[%clk 00:26:13]} {[%emt 00:00:20]} c4 {[%clk 00:29:17]} {[%emt 00:00:22]} 52.
Rc7 {[%clk 00:25:39]} {[%emt 00:00:38]} c3 {[%clk 00:28:57]} {[%emt 00:00:26]}
53. f4 {[%clk 00:25:19]} {[%emt 00:00:25]} Ng4 {[%clk 00:28:40]} {[%emt
00:00:23]} 54. Kf1 {[%clk 00:24:37]} {[%emt 00:00:46]} Bd3+ {[%clk 00:28:28]}
{[%emt 00:00:17]} 55. Ke1 {[%clk 00:24:29]} {[%emt 00:00:13]} Rc5 {[%clk
00:25:51]} {[%emt 00:02:42]} 56. Rxc5 {[%clk 00:24:29]} {[%emt 00:00:05]} Kxc5
{[%clk 00:25:44]} {[%emt 00:00:12]} 57. Kd1 {[%clk 00:24:07]} {[%emt 00:00:26]}
c2+ {[%clk 00:25:18]} {[%emt 00:00:33]} 58. Kd2 {[%clk 00:23:51]} {[%emt
00:00:21]} Kc4 {[%clk 00:25:00]} {[%emt 00:00:23]} 59. Kc1 {[%clk 00:23:21]}
{[%emt 00:00:34]} Nf2 {[%clk 00:24:18]} {[%emt 00:00:48]} 60. Kd2 {[%clk
00:22:42]} {[%emt 00:00:42]} Nh3 {[%clk 00:23:42]} {[%emt 00:00:42]} 61. Kc1
{[%clk 00:22:25]} {[%emt 00:01:52]} Nxf4 {[%clk 00:23:42]} {[%emt 00:00:07]}
62. Kd2 {[%clk 00:22:13]} {[%emt 00:00:17]} Kb3 {[%clk 00:23:07]} {[%emt
00:00:40]} 63. Kc1 {[%clk 00:21:54]} {[%emt 00:00:23]} Ne2+ {[%clk 00:22:57]}
{[%emt 00:00:16]} 64. Kd2 {[%clk 00:21:38]} {[%emt 00:00:20]} c1=Q+ {[%clk
00:22:35]} {[%emt 00:00:28]} 65. Kxd3 {[%clk 00:21:31]} {[%emt 00:00:12]} Qd1
{[%clk 00:22:13]} {[%emt 00:00:28]} 66. Ke3 {[%clk 00:21:23]} {[%emt 00:00:12]}
Kc4 {[%clk 00:22:05]} {[%emt 00:00:13]} 67. Kf2 {[%clk 00:21:03]} {[%emt
00:00:24]} Nf4 {[%clk 00:21:28]} {[%emt 00:00:43]} 68. Ke3 {[%clk 00:20:40]}
{[%emt 00:00:28]} Nd5+ {[%clk 00:21:05]} {[%emt 00:00:28]} 69. Ke4 {[%clk
00:20:27]} {[%emt 00:00:17]} Qe1 {[%clk 00:20:59]} {[%emt 00:00:11]} 70. Kf3
{[%clk 00:20:16]} {[%emt 00:00:17]} Kd4 {[%clk 00:20:50]} {[%emt 00:00:14]} 71.
Kg4 {[%clk 00:19:59]} {[%emt 00:00:22]} Qf1 {[%clk 00:20:20]} {[%emt 00:00:36]}
72. Kg3 {[%clk 00:19:47]} {[%emt 00:00:17]} Ke4 {[%clk 00:20:15]} {[%emt
00:00:09]} 73. Kg4 {[%clk 00:19:24]} {[%emt 00:00:28]} Qg1 {[%clk 00:20:11]}
{[%emt 00:00:10]} 74. Kh3 {[%clk 00:19:01]} {[%emt 00:00:25]} Kf4 {[%clk
00:20:07]} {[%emt 00:00:11]} 75. Kh4 {[%clk 00:18:37]} {[%emt 00:00:29]} Qh1
{[%emt 00:00:10]} 0-1

[Event "DVM U10 2023"]
[Site "Magdeburg GER"]
[Date "2023.12.28"]
[Round "3"]
[White "Zussner, Tim"]
[Black "Gupta, Pranit"]
[Result "1/2-1/2"]
[Termination "normal"]
[Board "7.1"]
[WhiteElo "1275"]
[BlackElo "1155"]
[WhiteClock "00:17:30"]
[BlackClock "00:09:54"]
[WhiteTeam "SV Empor Berlin"]
[BlackTeam "SF Deizisau"]
[PlyCount "56"]
[WhiteFideId "34642765"]
[EventCountry "GER"]
[EventRounds "7"]
[EventType "team-swiss"]
[EventDate "2023.12.27"]

1. d4 {[%clk 00:55:09]} {[%emt 00:00:01]} d5 {[%clk 00:55:00]} {[%emt
00:00:10]} 2. c4 {[%clk 00:55:09]} {[%emt 00:00:04]} e6 {[%clk 00:54:53]}
{[%emt 00:00:12]} 3. Nc3 {[%clk 00:55:11]} {[%emt 00:00:04]} Nf6 {[%clk
00:54:48]} {[%emt 00:00:10]} 4. Bg5 {[%clk 00:55:12]} {[%emt 00:00:04]} Be7
{[%clk 00:54:32]} {[%emt 00:00:20]} 5. e3 {[%clk 00:55:11]} {[%emt 00:00:05]}
c6 {[%clk 00:53:22]} {[%emt 00:01:16]} 6. Nf3 {[%clk 00:55:10]} {[%emt
00:00:06]} Nbd7 {[%clk 00:53:11]} {[%emt 00:00:15]} 7. Bd3 {[%clk 00:55:09]}
{[%emt 00:00:08]} h6 {[%clk 00:52:51]} {[%emt 00:00:25]} 8. Bh4 {[%clk
00:54:20]} {[%emt 00:00:54]} Qa5 {[%clk 00:44:15]} {[%emt 00:08:40]} 9. O-O
{[%clk 00:51:04]} {[%emt 00:03:21]} O-O {[%clk 00:42:11]} {[%emt 00:02:09]} 10.
a3 {[%clk 00:47:35]} {[%emt 00:03:34]} a6 {[%clk 00:38:35]} {[%emt 00:03:42]}
11. b4 {[%clk 00:44:42]} {[%emt 00:02:58]} Qc7 {[%clk 00:35:27]} {[%emt
00:03:11]} 12. cxd5 {[%clk 00:41:19]} {[%emt 00:03:29]} cxd5 {[%clk 00:35:15]}
{[%emt 00:00:18]} 13. Rc1 {[%clk 00:41:06]} {[%emt 00:00:17]} Qd8 {[%clk
00:32:14]} {[%emt 00:03:07]} 14. Bg3 {[%clk 00:37:45]} {[%emt 00:03:26]} Nh7
{[%clk 00:30:34]} {[%emt 00:01:44]} 15. Ne2 {[%clk 00:33:21]} {[%emt 00:04:29]}
Ndf6 {[%clk 00:30:23]} {[%emt 00:00:16]} 16. Bc7 {[%clk 00:31:58]} {[%emt
00:01:28]} Qd7 {[%clk 00:29:40]} {[%emt 00:00:48]} 17. Ne5 {[%clk 00:31:05]}
{[%emt 00:00:59]} Qe8 {[%clk 00:28:07]} {[%emt 00:01:38]} 18. Qb3 {[%clk
00:26:10]} {[%emt 00:05:00]} Bd7 {[%clk 00:26:01]} {[%emt 00:02:10]} 19. Ng3
{[%clk 00:24:44]} {[%emt 00:01:31]} Rc8 {[%clk 00:23:43]} {[%emt 00:02:24]} 20.
Nxd7 {[%clk 00:23:38]} {[%emt 00:01:10]} Qxd7 {[%clk 00:23:15]} {[%emt
00:00:33]} 21. Bb6 {[%clk 00:22:23]} {[%emt 00:01:20]} Rxc1 {[%clk 00:14:39]}
{[%emt 00:08:42]} 22. Rxc1 {[%clk 00:22:20]} {[%emt 00:00:07]} Rc8 {[%clk
00:14:05]} {[%emt 00:00:39]} 23. Rxc8+ {[%clk 00:20:23]} {[%emt 00:02:02]} Qxc8
{[%clk 00:14:00]} {[%emt 00:00:11]} 24. Bc5 {[%clk 00:20:27]} {[%emt 00:00:01]}
Bxc5 {[%clk 00:13:32]} {[%emt 00:00:33]} 25. dxc5 {[%clk 00:20:24]} {[%emt
00:00:08]} e5 {[%clk 00:12:03]} {[%emt 00:01:34]} 26. Nf5 {[%clk 00:19:11]}
{[%emt 00:01:17]} Qe6 {[%clk 00:11:42]} {[%emt 00:00:26]} 27. Nd6 {[%clk
00:18:28]} {[%emt 00:00:48]} e4 {[%clk 00:10:59]} {[%emt 00:00:48]} 28. Be2
{[%clk 00:17:30]} {[%emt 00:01:03]} Qd7 {[%clk 00:09:54]} {[%emt 00:01:09]}
1/2-1/2